000 00734nam a2200241Ia 4500
003 OSt
005 20220923222641.0
006 a|||||r|||| 00| 0
007 ta
008 220922b |||||||| |||| 00| 0 hin d
024 _a206,802
037 _cTextual
040 _aARTS
_cARTS
_bhin
041 _2hin
_ahin
082 _aO152,6N07x, L5
100 _aवर्मा, महादेवी
_9156279
245 0 _aमेरा परिवार
246 _aMerā parivāra
260 _aइलाहाबाद
_b लोकभारती प्रका0
_c1973
300 _a103पृ.
_ccm.
942 _hO152,6N07x, L5
_cTEXL
_2CC
999 _c357432
_d357432